000 00591nam a2200217Ii 4500
003 JO-AjNU
008 230606s9999||||xx |||||||||||||| ||und||
020 _a978-93-80027-05-0
040 _aJO-AjNU
_beng
_erda
_cJO-AjNU
041 _aeng
050 1 4 _aQA76.76.O63.S58.2008
100 3 _aSharma, Pankaj,
_eauthor
_9393
245 0 0 _aArtifical intelligence
250 _a1 ed
264 3 1 _aS.K KATARIA SONS:2008
300 _a370p
336 _atext
_btxt
_2rdacontent
337 _aunmediated
_bn
_2rdamedia
338 _avolume
_bnc
_2rdacarrier
650 4 _aArtifical intelligence
_9394
999 _aE210
_c210
_d210